00988nam a2200313Ia 4500001000700000008004100007020001800048035001400066041000800080084001300088110009200101245004500193260003800238300002200276490003600298650002700334650002800361650001600389700003000405700003400435901000600469903000700475904000800482953003700490999001300527910000900540942001500549952011000564002944221003s1994 xx 000 0 spa d a84-87699-96-0 aCENDO_229 aspa aCD-00018 aJORNADAS DE ESTUDIO SOBRE GRUPOS DE EMPRESAS Y DERECHO DEL TRABAJOd1993cAlbacete9710 0aGrupos de empresas y derecho del trabajo aMadrid :bEditorial Trotta,c1994 a324 p. ;c 23 cm aEstructuras y procesoslDerecho aGRUPO DE EMPRESAS9711 aDERECHO DEL TRABAJO937 aESPAÑA99 aBAYLOS GRAU, Antonio9712 aCOLLADO, Luis,eed. lit.9713 a3 aNO a000 d1996-03-18yMONOGRAFIAoCD-00018 c228d228 a1994 cMONOGRAFIA 00104070aCENDObCENDOd1996-03-18l0oCD-00018pCENDO_229r2022-10-05 00:00:00w2022-10-05yMONOGRAFIA